| 000 | 00584nam a2200205 a 4500 | ||
|---|---|---|---|
| 001 | 000019112 | ||
| 005 | 20200929165927.0 | ||
| 008 | 100525s1999 ve 000 p spa d | ||
| 020 | _a9803286323 | ||
| 040 |
_aDO-SdBNP _bspa _cBNPHU |
||
| 082 |
_aV861.44 _bO16a |
||
| 100 | 1 |
_aOchoa, Carlos, _d1954- _941127 |
|
| 245 | 1 | 0 |
_aApuntes de la costa / _cCarlos Ochoa. |
| 260 |
_aValencia, Venezuela : _bClemente, _c1999. |
||
| 300 |
_a93 p. ; _c22 cm. |
||
| 650 | 4 |
_aPoesÃa venezolana _94230 |
|
| 650 | 4 |
_aLiteratura venezolana _93816 |
|
| 910 | _aCatalogación original | ||
| 049 | _aBNGR | ||
| 999 |
_c18630 _d18630 |
||